00602nam a22001697a 450000500170000002000250001703700250004210000250006724500710009226000440016327000410020730000290024849000270027794200170030499900170032195200940033820111212143410.0 a9788121938259c99.00 bS. Chand Publishing  aEldin, Peter 936854 aThe most excellent book of how to be a magician /cby Peter Eldin  aNew Delhi bS. Chand Publishing c2011 a7361, Ram Nagar bNew Delhi e110055 a32p. bill. c24cm(pbk)  aMost excellent 936855 2ddccCHmELD c59316d59316 00104070aAGbAGd2011-12-12g99.00l0oELDr2011-12-12 00:00:00v99.00w2011-12-12yCH